[Event "Teteven op 32nd"]
[Site "Teteven"]
[Date "2018.08.19"]
[Round "9"]
[White "Geller, Jakov"]
[Black "Gochev, Mladen"]
[Result "1-0"]
[WhiteElo "2518"]
[BlackElo "2140"]
[PlyCount "63"]
[EventDate "2018.08.11"]
[EventType "swiss"]
[EventRounds "9"]
[EventCountry "BUL"]
[SourceTitle "CBM 186 Extra"]
[Source "ChessBase"]
[SourceDate "2018.08.24"]
[SourceVersion "1"]
[SourceVersionDate "2018.08.24"]
[SourceQuality "1"]

1. e4 e6 2. d4 d5 3. Nc3 Nf6 4. e5 Nfd7 5. f4 c5 6. Nf3 Nc6 7. Be3 cxd4 8. Nxd4 Bc5 9. Qd2 0-0 10. 0-0-0 Nxd4 11. Bxd4 a6 12. Qe3 b6 13. Bd3 Qc7 14. Ne2 Re8 15. g4 Nf8 16. Rhe1 Bd7 17. f5 Bb5 18. Kb1 f6 19. Bxb5 axb5 20. exf6 exf5 21. Qb3 Ne6 22. gxf5 Nxd4 23. Nxd4 gxf6 24. Qxd5+ Kh8 25. Ne6 Qf7 26. Nd8 Qxd5 27. Rxe8+ Qg8 28. Rxg8+ Kxg8 29. Ne6 h5 30. c3 Kh7 31. Rd7+ Kh6 32. Rf7 1-0

[Event "Teteven op 32nd"]
[Site "Teteven"]
[Date "2018.08.16"]
[Round "6"]
[White "Nikolov, Sasho"]
[Black "Gochev, Mladen"]
[Result "1-0"]
[WhiteElo "2309"]
[BlackElo "2140"]
[PlyCount "65"]
[EventDate "2018.08.11"]
[EventType "swiss"]
[EventRounds "9"]
[EventCountry "BUL"]
[SourceTitle "CBM 186 Extra"]
[Source "ChessBase"]
[SourceDate "2018.08.24"]
[SourceVersion "1"]
[SourceVersionDate "2018.08.24"]
[SourceQuality "1"]

1. e4 e6 2. d4 d5 3. Nc3 Nf6 4. e5 Nfd7 5. f4 c5 6. Nf3 Nc6 7. Be3 cxd4 8. Nxd4 Bc5 9. Be2 0-0 10. Qd2 a6 11. 0-0-0 Nxd4 12. Bxd4 b5 13. Bf3 Bb7 14. Qe3 Qc7 15. Rhe1 Rac8 16. Kb1 b4 17. Ne2 a5 18. g4 f6 19. exf6 Rxf6 20. g5 Rf7 21. Bg4 Nf8 22. Bxe6 Nxe6 23. Qxe6 Bd6 24. f5 Qd7 25. Qxd7 Rxd7 26. Ng3 Rdc7 27. Re2 a4 28. b3 a3 29. Rde1 Ba6 30. Re8+ Kf7 31. g6+ hxg6 32. fxg6+ Kxg6 33. R8e6+ 1-0

[Event "Teteven op 32nd"]
[Site "Teteven"]
[Date "2018.08.15"]
[Round "5"]
[White "Gochev, Mladen"]
[Black "Galunov, Todor"]
[Result "1/2-1/2"]
[WhiteElo "2140"]
[BlackElo "2314"]
[PlyCount "51"]
[EventDate "2018.08.11"]
[EventType "swiss"]
[EventRounds "9"]
[EventCountry "BUL"]
[SourceTitle "CBM 186 Extra"]
[Source "ChessBase"]
[SourceDate "2018.08.24"]
[SourceVersion "1"]
[SourceVersionDate "2018.08.24"]
[SourceQuality "1"]

1. e4 e6 2. d3 d5 3. Nd2 Nf6 4. Ngf3 c5 5. g3 Nc6 6. Bg2 Be7 7. 0-0 0-0 8. Re1 b5 9. a4 b4 10. exd5 exd5 11. d4 Bg4 12. dxc5 Bxc5 13. Nb3 Be7 14. h3 Bh5 15. Be3 Rc8 16. Nbd4 Nxd4 17. Bxd4 Bc5 18. c3 bxc3 19. bxc3 Ne4 20. g4 Bg6 21. Ne5 Re8 22. Nxg6 hxg6 23. Bxc5 Rxc5 24. Bxe4 dxe4 25. Qxd8 Rxd8 26. Rxe4 1/2-1/2

[Event "Paracin Summer op-A 11th"]
[Site "Paracin"]
[Date "2018.07.09"]
[Round "4"]
[White "Gochev, Mladen"]
[Black "Marjanovic, Annamaria"]
[Result "0-1"]
[WhiteElo "2181"]
[BlackElo "2325"]
[PlyCount "82"]
[EventDate "2018.07.06"]
[EventType "swiss"]
[EventRounds "9"]
[EventCountry "SRB"]
[SourceTitle "CBM 185 Extra"]
[Source "ChessBase"]
[SourceDate "2018.07.29"]
[SourceVersion "1"]
[SourceVersionDate "2018.07.29"]
[SourceQuality "1"]

1. e4 e5 2. Nf3 Nc6 3. Bc4 Nf6 4. d4 exd4 5. e5 Ng4 6. 0-0 Be7 7. Re1 d6 8. exd6 cxd6 9. Bg5 f6 10. Bf4 Nge5 11. Bb3 Bg4 12. Nbd2 Qa5 13. h3 Bh5 14. Qe2 0-0-0 15. g4 Bg6 16. Be6+ Kb8 17. Nb3 Qb6 18. Bf5 Bf7 19. Rad1 Bc4 20. Bd3 Bxd3 21. cxd3 h5 22. gxh5 g6 23. hxg6 Rxh3 24. Bg3 Rh6 25. Kg2 Rxg6 26. Qe4 Rg7 27. Nfxd4 Nxd4 28. Qxd4 Rg5 29. Qe4 f5 30. Qd5 Ng4 31. Kf3 f4 32. Qe6 Qc6+ 33. Re4 fxg3 34. Nd4 Ne5+ 35. Ke2 Qe8 36. f4 Qh5+ 37. Kd2 g2 38. fxg5 Bxg5+ 39. Kc3 Rc8+ 40. Qxc8+ Kxc8 41. Rg1 Qh3 0-1

[Event "Primorsko op"]
[Site "Primorsko"]
[Date "2016.09.19"]
[Round "2"]
[White "Gochev, Mladen"]
[Black "Nikolov, Momchil"]
[Result "0-1"]
[WhiteElo "2207"]
[BlackElo "2585"]
[PlyCount "150"]
[EventDate "2016.09.18"]
[EventType "swiss"]
[EventRounds "9"]
[EventCountry "BUL"]
[SourceTitle "CBM 174 Extra"]
[Source "ChessBase"]
[SourceDate "2016.10.10"]
[SourceVersion "1"]
[SourceVersionDate "2016.10.10"]
[SourceQuality "1"]

1. e4 c5 2. Nf3 e6 3. g3 d6 4. Bg2 Nf6 5. Qe2 Nc6 6. 0-0 Be7 7. c3 0-0 8. d4 cxd4 9. Nxd4 Bd7 10. Rd1 Qc7 11. Nxc6 Bxc6 12. c4 a6 13. Nc3 Rfd8 14. Be3 b6 15. a4 Qb7 16. f3 Rac8 17. Rab1 Qc7 18. Rbc1 Ba8 19. c5 bxc5 20. Qxa6 Bb7 21. Qe2 Qa5 22. Qb5 Qa8 23. Qe2 d5 24. exd5 exd5 25. Bg5 Re8 26. Qc2 d4 27. Bxf6 Bxf6 28. Ne4 Bxe4 29. fxe4 Bg5 30. Ra1 c4 31. a5 Qa6 32. Kh1 Bf6 33. Qf2 Rc5 34. Rdc1 Rec8 35. Bf1 Bg5 36. Qxd4 Bxc1 37. Rxc1 Qxa5 38. Rd1 Qc7 39. Qc3 Qa5 40. Qxa5 Rxa5 41. Bxc4 g6 42. b3 Rc7 43. Rd2 Rca7 44. Rf2 Kg7 45. h4 Ra2 46. Kg2 Rxf2+ 47. Kxf2 Kf6 48. Ke3 Ke5 49. g4 f6 50. g5 fxg5 51. hxg5 Ra1 52. Bg8 Rg1 53. Kf3 Rxg5 54. Bxh7 Rg1 55. Kf2 Rg4 56. Kf3 Rf4+ 57. Kg3 Rf1 58. Kg4 Rg1+ 59. Kf3 Kf6 60. Bg8 Rf1+ 61. Kg4 Rg1+ 62. Kf3 Kg5 63. Bc4 Re1 64. Bd5 Kh4 65. Kf2 Rd1 66. Bc4 g5 67. e5 g4 68. e6 g3+ 69. Kf3 Re1 70. Kg2 Re3 71. b4 Re4 72. Bd5 Re2+ 73. Kf1 Re5 74. Bc6 Rxe6 75. b5 Kh3 0-1

[Event "Kragujevac Radnicki"]
[Site "Kragujevac"]
[Date "2014.03.04"]
[Round "3"]
[White "Gochev, Mladen"]
[Black "Arapovic, Vitomir"]
[Result "1-0"]
[WhiteElo "2207"]
[BlackElo "2358"]
[PlyCount "57"]
[EventDate "2014.03.03"]
[EventType "tourn"]
[EventRounds "11"]
[EventCountry "SRB"]
[EventCategory "4"]
[SourceTitle "CBM 159 Extra"]
[Source "ChessBase"]
[SourceDate "2014.04.24"]
[SourceVersion "1"]
[SourceVersionDate "2014.04.24"]
[SourceQuality "1"]

1. e4 g6 2. d4 Bg7 3. Nc3 c6 4. f4 d5 5. e5 h5 6. Nf3 Bg4 7. h3 Bxf3 8. Qxf3 e6 9. Be3 h4 10. Bf2 Ne7 11. Bd3 Nd7 12. 0-0 Nf5 13. Ne2 Bf8 14. Rfd1 Be7 15. b3 a5 16. c4 Kf8 17. a4 Nb8 18. Nc3 Na6 19. Rac1 Ba3 20. Rb1 Bb4 21. Na2 dxc4 22. Bxf5 gxf5 23. bxc4 Qe7 24. d5 Kg7 25. d6 Qd7 26. Kh2 c5 27. Nc3 Nb8 28. Bxh4 Rh7 29. Qg3+ 1-0

[Event "BUL-chT GpA 63rd"]
[Site "Sunny Beach"]
[Date "2013.09.23"]
[Round "5.6"]
[White "Gochev, Mladen"]
[Black "Djingarova, Emilia"]
[Result "1/2-1/2"]
[WhiteElo "2258"]
[BlackElo "2292"]
[PlyCount "84"]
[EventDate "2013.09.19"]
[EventType "team-tourn"]
[EventRounds "7"]
[EventCountry "BUL"]
[SourceTitle "CBM 156 Extra"]
[Source "ChessBase"]
[SourceDate "2013.10.22"]
[SourceVersion "1"]
[SourceVersionDate "2013.10.22"]
[SourceQuality "1"]
[WhiteTeam "Dupnitsa Marek Union"]
[BlackTeam "Vidin Nayden Voynov"]
[WhiteTeamCountry "BUL"]
[BlackTeamCountry "BUL"]

1. c4 e5 2. Nc3 d6 3. g3 f5 4. Bg2 Nf6 5. d4 exd4 6. Qxd4 Nc6 7. Qd2 Be7 8. Nh3 Ne5 9. b3 0-0 10. 0-0 Kh8 11. Bb2 Rb8 12. Rad1 a6 13. Nf4 Qe8 14. Nfd5 Nxd5 15. Nxd5 Bd8 16. Qd4 Qf7 17. f4 Nc6 18. Qd3 Be6 19. e4 Ne7 20. e5 dxe5 21. Bxe5 Ng6 22. Bb2 c6 23. Nc3 Bb6+ 24. Kh1 Rfd8 25. Qc2 Bd4 26. Na4 Bxb2 27. Qxb2 b5 28. cxb5 axb5 29. Nc5 Bd5 30. Na6 Rbc8 31. Nc5 Ne7 32. Qe5 Bxg2+ 33. Kxg2 Nd5 34. Rfe1 Re8 35. Ne6 Qg6 36. Qd6 Rxe6 37. Rxe6 Nxf4+ 38. Qxf4 Qxe6 39. Rf1 Qe4+ 40. Qxe4 fxe4 41. Rc1 Kg8 42. Kf2 Kf7 1/2-1/2

[Event "FRM-chT 22nd"]
[Site "Struga"]
[Date "2013.08.04"]
[Round "7.5"]
[White "Gochev, Mladen"]
[Black "Petkovski, Vlatko"]
[Result "1/2-1/2"]
[WhiteElo "2266"]
[BlackElo "2143"]
[PlyCount "42"]
[EventDate "2013.07.29"]
[EventType "team-tourn"]
[EventRounds "7"]
[EventCountry "MKD"]
[SourceTitle "CBM 155 Extra"]
[Source "ChessBase"]
[SourceDate "2013.08.26"]
[SourceVersion "1"]
[SourceVersionDate "2013.08.26"]
[SourceQuality "1"]
[WhiteTeam "Kochani"]
[BlackTeam "Skopje Kisela Voda"]
[WhiteTeamCountry "MKD"]
[BlackTeamCountry "MKD"]

1. e4 c5 2. Nc3 Nc6 3. Nge2 e6 4. d4 cxd4 5. Nxd4 a6 6. g3 Qc7 7. Bg2 Nf6 8. 0-0 d6 9. Be3 Bd7 10. Nb3 Ne5 11. Qe2 Nc4 12. Bc1 Rc8 13. Rd1 b5 14. a4 Be7 15. axb5 axb5 16. Nd4 b4 17. Nb1 0-0 18. c3 Rb8 19. Nd2 Ne5 20. c4 Qc5 21. N4b3 Qc7 1/2-1/2

[Event "Plovdiv Tringov Memorial 35th"]
[Site "Plovdiv"]
[Date "2013.02.10"]
[Round "9"]
[White "Gochev, Mladen"]
[Black "Azaladze, Shota"]
[Result "0-1"]
[WhiteElo "2289"]
[BlackElo "2466"]
[PlyCount "68"]
[EventDate "2013.02.03"]
[EventType "swiss"]
[EventRounds "9"]
[EventCountry "BUL"]
[SourceTitle "CBM 152 Extra"]
[Source "ChessBase"]
[SourceDate "2013.02.25"]
[SourceVersion "1"]
[SourceVersionDate "2013.02.25"]
[SourceQuality "1"]

1. e4 e6 2. d4 d5 3. e5 c5 4. c3 Qb6 5. Nf3 Bd7 6. Be2 Bb5 7. dxc5 Bxc5 8. 0-0 Bxe2 9. Qxe2 Qa6 10. Qc2 Nd7 11. b4 Bf8 12. a4 Rc8 13. Na3 Bxb4 14. Nb5 Ne7 15. Qd2 Bc5 16. Qg5 Nf5 17. g4 h6 18. Qh5 Ne7 19. Be3 Ng6 20. Bxc5 Rxc5 21. Nd6+ Ke7 22. Nb5 Rc4 23. Rfe1 Re4 24. Nd6 Rxe1+ 25. Rxe1 Qd3 26. g5 Qxc3 27. gxh6 Ndxe5 28. Rxe5 Kxd6 29. Re3 Qc1+ 30. Kg2 Rxh6 31. Qg5 Kd7 32. Qg3 Qc7 33. Rd3 Qxg3+ 34. hxg3 Kd6 0-1

[Event "Belgrade Trophy 26th"]
[Site "Belgrade"]
[Date "2012.11.29"]
[Round "6"]
[White "Gochev, Mladen"]
[Black "Ratkovic, Milovan"]
[Result "0-1"]
[WhiteElo "2291"]
[BlackElo "2304"]
[PlyCount "72"]
[EventDate "2012.11.24"]
[EventType "swiss"]
[EventRounds "9"]
[EventCountry "SRB"]
[SourceTitle "CBM 151 Extra"]
[Source "ChessBase"]
[SourceDate "2012.12.18"]
[SourceVersion "1"]
[SourceVersionDate "2012.12.18"]
[SourceQuality "1"]

1. c4 c6 2. e4 d5 3. exd5 cxd5 4. cxd5 Nf6 5. Nc3 Nxd5 6. Nf3 Nc6 7. Bb5 e6 8. 0-0 Be7 9. d4 0-0 10. a3 Nxc3 11. bxc3 Bf6 12. Qe2 Bd7 13. Bd3 Qa5 14. Rb1 Ne7 15. Rxb7 Bc6 16. Rb1 Rac8 17. Bd2 Nf5 18. Rfe1 Bxf3 19. gxf3 Rb8 20. Rb4 Nh4 21. f4 Qxa3 22. Reb1 Rxb4 23. Rxb4 a5 24. Rb5 Qa1+ 25. Be1 g6 26. Rb1 Qa3 27. f3 a4 28. Qd1 Qd6 29. Bxh4 Bxh4 30. Qxa4 Qxf4 31. Qd1 Rc8 32. Rb3 Ra8 33. Qe2 Ra1+ 34. Kg2 Qg5+ 35. Kh3 Bg3 36. Qe4 Rg1 0-1

[Event "Sofia op 2nd"]
[Site "Sofia"]
[Date "2011.10.08"]
[Round "7"]
[White "Gochev, Mladen"]
[Black "Stoyanov, Tihomir"]
[Result "1-0"]
[WhiteElo "2253"]
[BlackElo "2190"]
[PlyCount "75"]
[EventDate "2011.10.03"]
[EventType "swiss"]
[EventRounds "9"]
[EventCountry "BUL"]
[SourceTitle "CBM 144 Extra"]
[Source "ChessBase"]
[SourceDate "2011.10.28"]
[SourceVersion "1"]
[SourceVersionDate "2011.10.28"]
[SourceQuality "1"]

1. d4 Nf6 2. Nf3 e6 3. Bg5 d5 4. e3 b6 5. Nbd2 Bb7 6. Ne5 Be7 7. Bb5+ c6 8. Bd3 Nfd7 9. Bxe7 Qxe7 10. f4 f5 11. Qh5+ g6 12. Qh6 Nxe5 13. fxe5 Ba6 14. Bxa6 Nxa6 15. 0-0-0 Kd7 16. h4 Qf8 17. Qf4 h5 18. Nf3 Qe7 19. Kb1 Nc7 20. Ng5 Rhf8 21. Rh3 a5 22. Rg3 a4 23. a3 Nb5 24. Ka2 Nc7 25. Nh3 Rg8 26. Rg5 Rg7 27. Qg3 Rag8 28. Nf4 Qf7 29. Rc1 b5 30. Qe1 Qe7 31. Qc3 Na6 32. Qa5 Nc7 33. Rf1 Ke8 34. Qb6 Kf7 35. Nd3 Ra8 36. Qxc6 Rgg8 37. Nc5 Kg7 38. Qxc7 1-0

[Event "Sofia op 2nd"]
[Site "Sofia"]
[Date "2011.10.08"]
[Round "8"]
[White "Trichkov, Vasil"]
[Black "Gochev, Mladen"]
[Result "1-0"]
[WhiteElo "2319"]
[BlackElo "2253"]
[PlyCount "69"]
[EventDate "2011.10.03"]
[EventType "swiss"]
[EventRounds "9"]
[EventCountry "BUL"]
[SourceTitle "CBM 144 Extra"]
[Source "ChessBase"]
[SourceDate "2011.10.28"]
[SourceVersion "1"]
[SourceVersionDate "2011.10.28"]
[SourceQuality "1"]

1. d4 d5 2. Nf3 e6 3. c4 c5 4. cxd5 exd5 5. Nc3 Nc6 6. Bg5 f6 7. Be3 c4 8. g3 Bb4 9. Bg2 Nge7 10. 0-0 0-0 11. Ne1 Be6 12. Nc2 Ba5 13. Bd2 b5 14. Nxb5 Rb8 15. Nc3 Rxb2 16. Na4 Rb8 17. Bf4 Ra8 18. Nc5 Bc8 19. e4 Bb6 20. Qe2 Nxd4 21. Nxd4 Bxc5 22. Rad1 Ng6 23. exd5 Nxf4 24. gxf4 Bxd4 25. Rxd4 Qd6 26. Re1 Bd7 27. Qxc4 Rac8 28. Qb4 Qa6 29. d6 Kh8 30. Bb7 Qxa2 31. Bxc8 Rxc8 32. Qb7 Qf7 33. f5 h6 34. h3 a5 35. Re7 1-0

[Event "Sofia op 2nd"]
[Site "Sofia"]
[Date "2011.10.06"]
[Round "5"]
[White "Gochev, Mladen"]
[Black "Ljangov, Petar"]
[Result "1-0"]
[WhiteElo "2253"]
[BlackElo "2113"]
[PlyCount "79"]
[EventDate "2011.10.03"]
[EventType "swiss"]
[EventRounds "9"]
[EventCountry "BUL"]
[SourceTitle "CBM 144 Extra"]
[Source "ChessBase"]
[SourceDate "2011.10.28"]
[SourceVersion "1"]
[SourceVersionDate "2011.10.28"]
[SourceQuality "1"]

1. e4 c5 2. Nf3 d6 3. d4 cxd4 4. Nxd4 Nf6 5. Nc3 a6 6. g3 e5 7. Nb3 Be7 8. Bg2 0-0 9. 0-0 Nbd7 10. a4 b6 11. Re1 Bb7 12. Nd2 Qc7 13. Nf1 Nc5 14. Bg5 Ne6 15. Bxf6 Bxf6 16. Ne3 Bg5 17. Ncd5 Bxd5 18. Nxd5 Qb7 19. h4 Be7 20. c3 Rfd8 21. Bf1 Bf8 22. Bc4 Ra7 23. Nb4 Rc8 24. Qe2 Nc5 25. Bd5 Qd7 26. b3 a5 27. Nc2 Ne6 28. Na3 Nc7 29. Red1 Rb8 30. Rd3 Qe8 31. Rf3 Ne6 32. Nb5 Rd7 33. Rd1 g6 34. Rd2 Kg7 35. Rfd3 Qd8 36. Bxe6 fxe6 37. Na3 h5 38. Nc4 Qc7 39. Nxe5 Rdd8 40. Nf3 1-0

[Event "FRM-chT 20th"]
[Site "Struga"]
[Date "2011.08.13"]
[Round "6"]
[White "Gochev, Mladen"]
[Black "Pancevski, Filip"]
[Result "0-1"]
[WhiteElo "2292"]
[BlackElo "2410"]
[PlyCount "128"]
[EventDate "2011.08.08"]
[EventType "team-tourn"]
[EventRounds "7"]
[EventCountry "MKD"]
[SourceTitle "CBM 143 Extra"]
[Source "ChessBase"]
[SourceDate "2011.08.29"]
[SourceVersion "1"]
[SourceVersionDate "2011.08.29"]
[SourceQuality "1"]
[WhiteTeam "Kochani"]
[BlackTeam "Skopje Alkaloid"]
[WhiteTeamCountry "MKD"]
[BlackTeamCountry "MKD"]

1. e4 d6 2. d4 Nf6 3. Nd2 e5 4. c3 Be7 5. Ngf3 Nbd7 6. Bd3 0-0 7. 0-0 Re8 8. Qc2 Bf8 9. b3 Nh5 10. g3 Nb6 11. dxe5 dxe5 12. Nc4 Qf6 13. Kg2 Bg4 14. Ng1 Qg6 15. Kh1 Nxc4 16. Bxc4 Nf6 17. f3 Bd7 18. Qe2 h5 19. Be3 h4 20. gxh4 Nh5 21. Qg2 Qxg2+ 22. Kxg2 b5 23. Bd3 Be7 24. Ne2 Bxh4 25. c4 a6 26. Rfd1 Re6 27. Rd2 Rg6+ 28. Kh1 Be7 29. c5 Bh3 30. Ng1 Be6 31. Bf1 f5 32. exf5 Bxf5 33. Bd3 Bxd3 34. Rxd3 Rc6 35. Rd5 Re6 36. Ne2 Rf8 37. Ng1 Nf6 38. Rdd1 c6 39. Re1 Nd5 40. Bd4 Bf6 41. Re4 Nc7 42. Bf2 Nd5 43. Ne2 Ree8 44. Re1 Kf7 45. Bg3 Re7 46. Nc1 Rfe8 47. a3 Nc3 48. R4e3 e4 49. Rf1 Nd5 50. Rxe4 Rxe4 51. fxe4 Rxe4 52. Nd3 Ke6 53. Re1 Rxe1+ 54. Bxe1 Kf5 55. Kg2 Nf4+ 56. Nxf4 Kxf4 57. Bb4 Ke4 58. Kg3 Be5+ 59. Kg2 Kd3 60. h4 g6 61. Be1 Kc2 62. b4 Kb3 63. Kf3 Kxa3 64. Kg4 Bf6 0-1